000 02059nam0a2200433 4500
001 RU\NLR\bibl\1715060
005 20260405234424.0
010 _a978-5-7729-0478-7
_9500
021 _aRU
_b2010-91762
_96173
035 _a(nilc)RSL-KNO-004831957
035 _a(NLR Aleph) 001706074
090 _a1250685
_c1250685
100 _a20101122d2010 |||y0rusy50 ca
101 0 _arus
102 _aRU
105 _aa |||||||||
200 1 _aРоссийская государственная и региональная символика
_fМ. Г. Фивейская, О. Н. Чернышева
_gРоссийская акад. гос. службы при Президенте Российской Федерации
210 _aМосква
_cИзд-во РАГС
_d2010
215 _a132, XXVI с.
_cил., цв. ил., нот.
_d24
320 _aБиблиогр. в подстроч. примеч.
606 1 _aСимволика государственная
_yРоссийская Федерация
_92082648
_3RU\NLR\auth\661258675
606 1 _aСимволика государственная
_xСубъекты
_yРоссийская Федерация
_92301434
_3RU\NLR\auth\661377847
610 0 _aгосударственная символика
686 _aХ620.8г.,0
_2rubbk
686 _aТ215(2)0-1,0
_2rubbk
686 _aЩ318.13(2Р=Р)7,0
_2rubbk
686 _aЩ158.9гербы3(2Р=Р)7,0
_2rubbk
686 _aЩ126.9знамена и флаги3(2Р=Р)7,0
_2rubbk
686 _aХ620.8
700 1 _4070
_7ca
_8rus
_aФивейская
_bМ. Г.
_gМария Геннадьевна
_9263222
_3RU\NLR\AUTH\770263278
701 1 _4070
_8rus
_7ca
_aЧернышева
_bО. Н.
_cканд. ист. наук, гос. управление
_f1958-
_gОльга Николаевна
_3RU\NLR\AUTH\77108063
_990988
801 0 _aRU
_bRuMoRKP
_c20101122
_grcr
801 1 _aRU
_bRuMoRGB
_c20101122
801 2 _aRU
_bNLR
_c20101215
_grcr
830 _aавт. по кн.
942 _cBOOK
980 _aNB